000 01830nam a2200205Ia 4500
999 _c9614
_d9614
005 20231004162359.0
008 231003s9999 xx 000 0 und d
020 _a9786073233828
040 _aUPAN
_cBiblioteca San Vicente
_eRCAA2
041 _aspa
082 _a149
_bC512h
_c2015
100 _aCalderon Chavez, Pedro
245 0 _aHistorias de las doctrinas filosoficas
250 _a5° ed.
260 _aMexico
_bPearson
_c2015
300 _a362 p.;
_c26 cm.
505 _aUnidad I: Introducción a la filosofía Capitulo 1. El pensamiento filosófico Unidad II: Origen e inicios de la filosofía en Grecia Capitulo 2. Los griegos Capitulo 3. El problema de la naturaleza en el periodo clásico Capitulo 4. El problema del ser humano en el pensamiento griego Unidad III:Filosofia medieval y el renacimiento Capitulo 5. El cristianismo Capitulo 6. La escolástica Capitulo 7. El renacimiento y las nuevas formas de conocimiento Unidad IV. Filosofía moderna Capitulo 8. Siglo XVII. El problema del conocimiento y el problema del Estado Capitulo 9. Siglo XVIII: La ilustración y el cuestionamiento de la metafísica Capitulo 10. El idealismo clásico alemán Unidad V. Positivismo y materialismo histórico Capitulo 11. El positivismo (la teoría del saber) Capitulo 12. El materialismo histórico Unidad VI: Filosofía contemporánea Capitulo 13. El vitalismo (el problema de la vida) Capitulo 14. Fenomenología y axiología (los problemas de la captación de las escenas y el valor) Capitulo 15. El existencialismo Capitulo 16. Filosofia analitica Unidad VII: Filosofía hoy Capitulo 17. Filosofía en la primera mitad del siglo XX Capitulo 18.El pensamiento actual Unidad VIII: Filosofía hoy Capitulo 19. La filosofía Latinoamericana
650 _2LEMB
_xFilosofía
_91
942 _cBK
_2ddc